000 07348namaa22004331i 4500
003 OSt
005 20260421142828.0
008 250827s2025 ua a|||frm||| 000 0 eng d
040 _aEG-GICUC
_bara
_cEG-GICUC
_dEG-GICUC
_erda
041 0 _aara
_bara
_beng
049 _aإيداع
082 0 4 _a332.4044
092 _a332.4044
_221
097 _aدكتوراه‎
099 _aCai01.16.04.Ph.D.2025.إي.أ
100 0 _a،إيريني مجدي فؤاد عبد السيد
_eإعداد.
245 1 0 _aأثر السياسة النقدية على أداء سوق موريشيوس للأوراق المالية منذ عام 2011 /
_b
_cإعداد إيريني مجدي فؤاد عبد السيد؛ إشراف أ.د. محب خلة توفيق، أ.د. سماح سيد أحمد المرسي.
246 1 5 _aThe impact of monetary policy on the performance of the mauritius stock exchange since 2011 /
264 0 _c2025.
300 _a213 صفحة :
_bإيضاحيات ؛
_c25 سم. +
_eCD.
336 _atext
_2rda content
337 _aUnmediated
_2rdamedia
338 _avolume
_2rdacarrier
502 _aأطروحة (دكتوراه)-جامعة القاهرة، 2025.
504 _aببليوجرافيا: صفحات 203-208.
520 _aتهدف الدراسة إلى إختبار أثر السياسة النقدية على سوق موريشيوس للأوراق المالية، وذلك من خلال قياس أثر متغيرات السياسة النقدية (سعر الصرف-معدل التضخم-سعر الفائدة-المعروض النقدي) على متغيرات سوق موريشيوس للأوراق المالية (حجم التداول-مؤشر القيمة السوقية-المؤشر العام لأسعار الأسهم).وقد أعتمدت منهجية الدراسة على أسلوبين: أولهما المنهج الوصفي الذي يعرض المفاهيم والنظريات الإقتصادية التي تتناول المتغيرات النقدية وعلاقتها بعوائد الأسهم، وثانيهما المنهج التحليلي الذي يعتمد على الأسلوب القياسي الإحصائي، وقد تم تطبيق منهجية التكامل المشترك وفق منهجية الإنحدار الذاتي لفترات الإبطاء الموزعة. كما أرتكزت خطة الدراسة على تقسيمها إلى أربع فصول، جاء الفصل الأول بعنوان أدبيات السياسة النقدية، من حيث عرض ماهية السياسة النقدية و أهميتها وأدواتها، ودراسة الإرتباط بين متغيرات السياسة النقدية وعوائد الأسهم. أما الفصل الثاني يتناول سوق موريشيوس للأوراق المالية، حيث تم عرض نشأة وتطور ومؤشرات كفاءة سوق موريشيوس للأوراق المالية وتحليل الأداء من حيث (حجم السوق، سيولة السوق). وناقش الفصل الثالث تطور السياسة النقدية في موريشيوس وأثارها، من خلال عرض تطور السياسة لنقدية في موريشيوس في الفترة (2011-2023)، وعرض أثارها لتلك الفترة. وأخيراً الفصل الرابع فيتناول قياس أثر السياسة النقدية على أداء سوق موريشيوس للأوراق المالية، وذلك من خلال نموذج الدراسة القياسي وتطبيق منهجية التكامل المشترك وفق منهجية الإنحدار الذاتي لفترات الإبطاءالموزعة وتحليل نتائجة.وقد توصلت الدراسة إلى عدة نتائج إجمالها إنه توجد علاقة إحصائية معنوية بين متغيرات السياسة النقدية (سعر الصرف-معدل التضخم-سعر الفائدة-المعروض النقدي) و متغيرات سوق موريشيوس للأوراق المالية (حجم التداول-مؤشر القيمة السوقية-المؤشر العام لأسعار الأسهم).
520 _aThe study aims to test the impact of monetary policy on the Mauritius Stock Exchange, by measuring the impact of monetary policy variables (exchange rate - inflation rate - interest rate - money supply) on the Mauritius Stock Exchange variables (trading volume - market value index - general stock price index).The study methodology relied on two methods: the first is the descriptive method that presents the economic concepts and theories that deal with monetary variables and their relationship to stock returns, and the second is the analytical method that relies on the standard statistical method, and the joint integration methodology was applied according to the autoregressive distributed lag period methodology.The study plan was also based on dividing it into four chapters. The first chapter is entitled Monetary Policy Literature, in terms of presenting the nature of monetary policy, its importance and tools, and studying the relationship between monetary policy variables and stock returns. As for the second chapter, it deals with the Mauritius Stock Exchange, where the emergence, development and efficiency indicators of the Mauritius Stock Exchange were presented and performance analysis was analyzed in terms of (market size, market liquidity).Chapter Three discussed the development of monetary policy in Mauritius and its effects, by presenting the development of monetary policy in Mauritius during the period (2011-2023), and presenting its effects for that period.Finally, Chapter Four deals with measuring the impact of monetary policy on the performance of the Mauritius Stock Exchange, through the standard study model and applying the joint integration methodology according to the autoregressive distributed lag methodology and analyzing its results.The study reached several results, the most important of which is that there is a statistically significant relationship between monetary policy variables (exchange rate - inflation rate - interest rate - money supply) and Mauritius Stock Exchange variables (trading volume - market value index - general index of stock prices).
530 _aصدر أيضًا كقرص مدمج.
546 _aالنص بالعربية والملخص باللغة الإنجليزية والعربية.
650 7 _aالاوراق المالية
_2qrmak
650 7 _aالسياسة النقدية
653 0 _aالسياسة النقدية
_aموريشيوس
_aالأسهم
700 0 _aمحب خلة توفيق
_eمشرف أطروحة.
700 0 _aسماح سيد أحمد المرسي
_eمشرف أطروحة.
900 _b24-02-2025
_cمحب خلة توفيق
_cسماح سيد أحمد المرسي
_dجمال محمود عطية
_dأحمد سعد حماد
_Uجامعة القاهرة
_Fكلية الدراسات الإفريقية العليا
_Dقسم السياسة والاقتصاد
905 _aSara
_eAfaf
942 _2ddc
_cTH
_e21
_n0
999 _c179197